Normal view
MARC view
- Swimming pools
Entry Topical Term
001 - CONTROL NUMBER
- control field: 121172
003 - CONTROL NUMBER IDENTIFIER
- control field: NUST
005 - DATE AND TIME OF LATEST TRANSACTION
- control field: 20240223093536.0
008 - FIXED-LENGTH DATA ELEMENTS
- fixed length control field: 240223|| aca||aabn | a|a d
040 ## - CATALOGING SOURCE
- Original cataloging agency: NUST
- Transcribing agency: NUST
150 ## - HEADING--TOPICAL TERM
- Topical term or geographic name entry element: Swimming pools
- General subdivision: Design and construction
670 ## - SOURCE DATA FOUND
- Source citation: Work cat.: (NUST): Rist, Curtis. 121171, Swimming pools and spas /, c2005.
